00671cam a22002411 4500001001300000003000400013005001700017008004100034010001700075020001100092035002000103040002200123042001200145050001800157100001800175245009800193260004500291300001900336500001300355650002100368700002300389999001700412sa 68003959 DLC20260227112458.0930301s1964 ii 000 0 urdo  asa 68003959  cRs6.00 a(OCoLC)28001107 aDLCcICUdWUdDLC apremarc00aBJ1588.U7bD51 aDil, Anwar S.10aKāmyāb zindagi kā taṣavvur /cmūʼallif, Anvar Dil ; Muʻāvin : Shamīm Yūnis. aLāhaur :bMakatabah-yi Jadīd,c1964. a296 p.c19 cm. aIn Urdu. 0aConduct of life.1 aYūnis, Shamīm. c79878d79878